| 000 | 00000nam 2200000za 4500 |
| 001 | 9.802534 |
| 003 | CaOODSP |
| 005 | 20221107135017 |
| 007 | cr ||||||||||| |
| 008 | 150805s2015 xxca||||o f|0| 0 fre d |
| 020 | |a9780660031644 |
| 040 | |aCaOODSP|bfre |
| 043 | |an-cn--- |
| 086 | 1 |aBC92-84/2015F-PDF |
| 245 | 03|aLe Registre de communication avec les électeurs |h[ressource électronique] : |bpour vous protéger contre les appels frauduleux et trompeurs lors d'élections fédérales. |
| 260 | |a[Ottawa] : |bConseil de la radiodiffusion et des télécommunications canadiennes, |c[2015]. |
| 300 | |a7 p. : |bgraphiques. |
| 500 | |aPubli. aussi en anglais sous le titre : Voter contact registry: protecting you from rogue and misleading calls during federal elections. |
| 692 | 07|2gccst|aÉlections |
| 710 | 2 |aConseil de la radiodiffusion et des télécommunications canadiennes. |
| 775 | 08|tVoter contact registry |w(CaOODSP)9.802533 |
| 856 | 40|qPDF|s337 Ko|uhttps://publications.gc.ca/collections/collection_2015/crtc/BC92-84-2015-fra.pdf |